000 00410nam a2200169Ia 4500
008 090123s9999 xx 000 0 und d
082 _b1751
100 _aहैदर आका
245 _aसदेराब
250 _a0
300 _a120
600 _aहैदर आका
630 _aसदेराब
700 _aहैदर आका
730 _aसदेराब
942 _cBOOK
999 _c39833
_d39833